01135nam a22003017a 45000010005000000030006000050050017000110080041000280200018000690400029000870500019001160820011001351000022001462450096001682600050002643000049003144900036003635050009003995200124004085210030005325210020005626500026005826500022006087000035006309420015006659990015006809520138006959989FISKH20260324123853.0260324b cb ||||| |||| 00| 0 eng d a9780448455884 aFISKHbengcFISKHdFISKH a PZ7 .H2888 .L a813.52 aHautzig , Deborah aL. Frank Baum's Wizard of Oz / cadapted by Deborah Hautzig : illustrated by Robin Robinson aNew York : bPenguin Young Readers , c2013 . a48 pages : bcolor illustrations ;c23 cm .  aPenguin Young Readers vLevel 4 aN  aAfter a cyclone transports her to the land of Oz, Dorothy must seek out the great Wizard in order to return to Kansas. 8 a590 bLexile estimate 8 aN bRaz-Plus  aWizard of OzvFiction aChildrenvFiction aRobinson , RobineIllustrator  2ddccBKn0 c9989d9989 00102ddc40708JUVFa002b002cTTP Yellow d2026-03-24l0oHAU 813.52 PZ7 .H2888 .Lp2026-0368r2026-03-24 12:38:50w2026-03-24yBK